| 000 | 01141nam a2200277 i 4500 | ||
|---|---|---|---|
| 003 | DO-SdBNP | ||
| 005 | 20250407094732.0 | ||
| 007 | ta | ||
| 008 | 250407t2024 dr a b 000 j spa d | ||
| 020 | _z9789945941425 | ||
| 040 |
_aDO-SdBNP _bspa _cBNPHU _erda |
||
| 082 |
_axxx _bD352m _222 |
||
| 100 | 1 |
_aDelgado, César _eautor _4aut. _987362 |
|
| 245 | 1 | 0 |
_aMoco / _cCésar Delgado |
| 250 | _aPrimera edición | ||
| 264 | 4 |
_aSanto Domingo : _bEditora La Isla de los Libros, _c©2024. |
|
| 300 |
_a[28] páginas _bilustraciones ; _c22 cm. |
||
| 336 |
_atexto _btxt _2rdacontent |
||
| 337 |
_asin mediación _bn _2rdamedia |
||
| 338 |
_avolumen _bnc _2rdacarrier |
||
| 520 | _aPrepárate para descubrir la pegajosa historia de tu gran amigo Moco, el guardián que habita en tu nariz. Siempre listo para protegerte de cualquier intruso que trate de enfermarte. Él te explicará con una chispa de humor, cómo te ayuda diariamente a mantenerte sano, y sólo te pide a cambio una condición: ¡por favor, no te lo comas! | ||
| 590 | _aInventariado, 2025/ YL | ||
| 650 | 7 |
_aLiteratura infantil _92053 |
|
| 910 | _aYLockward | ||
| 942 |
_2ddc _cLF2 |
||
| 999 |
_c58630 _d58630 |
||